Movilización duodeno-pancreática /
Guardado en:
| Autor Principal: | |
|---|---|
| Otros Autores: | |
| Formato: | Libro |
| Publicado: |
Argentina :
Celcius/j. J. Vallory,
1977
|
| Materias: | |
| Etiquetas: |
Agregar Etiqueta
Sin Etiquetas, Sea el primero en etiquetar este registro!
|
| LEADER | 00978nam a22001935a 4500 | ||
|---|---|---|---|
| 001 | CEM.cems003929 | ||
| 005 | 19000101000000.0 | ||
| 008 | 130507s1977##################000#0#####d | ||
| 003 | CEMS | ||
| 082 | 0 | 4 | |a 612.3 |
| 100 | 1 | |a Loyarte, H. F. | |
| 245 | 1 | 0 | |a Movilización duodeno-pancreática / |
| 260 | |a Argentina : |b Celcius/j. J. Vallory, |c 1977 | ||
| 300 | |a 191 p. | ||
| 505 | 0 | |a Desarrollo del concepto genético: Teor¡a de la pangénesis de Darwin. -La célula y su divisi¢n.-Fecundaci¢n y formaci¢n de gametos.-El n£cleo y la herencia.-Mendel, Boveri y Sutton.-Cromosomas sexuales.-Variaciones de la relaciones mendelianas.-...-Representaci¢n gr fica de los genes. -Mutaciones inducidas.-Cromosomas de gl ndulas salivales.-Conceptos b sicos de la transmisi¢n genética.-Estructura y funci¢n del ADN.- Embriolog¡a | |
| 653 | |a Anatomia quirurgica | ||
| 653 | |a Duodeno-cirugia | ||
| 700 | 1 | |a Curutcht, J. L. | |
| 859 | |a CEMS |b BIB. CEMS - 11 de abril |h 612.3 |i L957 |p 11949.83 |t Ej.1 | ||
